000 02556nam a22002657a 4500
003 Uzh_bibl
008 260421b |||||||| |||| 00| 0 ukr d
020 _a978-966-10-2341-1
_c186.75
040 _bукр.
041 _2rus
_aukr
080 _a512
090 _a512
_bП 27
100 _aПерельман, Яків
245 _aЗахоплююча алгебра.
_cПер. з рос. за ред. В.О. Тадеєва
_hТекст
260 _aТернопіль
_bНавчальна книга-Богдан
_c2019
300 _a336 с.
_bІл.
_fВ опр.
490 _aКласики популяризації науки
520 _a«Захоплююча алгебра» Я. І. Перельмана — одна з найзахопливіших книжок про алгебру. У ній ця наука ніби відокремлюється від класної дошки, з якою вона тісно «зрослася» у свідомості більшості читачів, і переноситься у вільний простір, де знаходить найрізноманітніші застосування. Основне своє завдання автор вбачає у тому, аби прищепити читачеві інтерес до занять алгеброю та викликати у нього бажання самостійно усунути прогалини своєї математичної підготовки. Прочитавши книгу, читач знатиме незмірно більше про основні ідеї алгебри та про її застосування, ніж про це можна довідатися з десятків «шкільних» підручників та посібників. Книга перекладена багатьма мовами світу. Повний переклад українською мовою виходить уперше. Книга зацікавить усіх, хто хоче мати правдиве уявлення про математику, зокрема, — переконливі свідчення про можливості її практичного застосування.
521 _aДля широкого кола читачів
546 _aукр.
650 _aНавчальне видання
653 _aМова алгебри.
_aРівняння.
_aПрогресії.
655 _aМатематика
_vПосібник
942 _2udc
_cBK
999 _c17421
_d17421